00478nam a2200157Ia 450000500170000000800410001708200130005810000170007124500300008826000430011830000170016150000220017894200060020095200990020699900150030520250508051014.0240331s9999 xx 000 0 und d bMAHa891 aMahendran, K 0aThuyilum oru nal kalaiyum aTellippalaibSivan Kalvi Nilayamc1986 aix, 134 p ., aA Novel in Tamil cL 001040708LaWERCLbWERCLcSSCd2024-03-31l0o 894.811 MAHp4161r2024-03-31w2024-03-31yL c4365d4365